Sports Quiz

Random Sports or NCAA Quiz
Score 0/200 Timer 15:00
0 Plays Today
Season Teams % Correct
1967North Carolina
98.9%
1968North Carolina
98.9%
1969North Carolina
98.9%
1972North Carolina
98.9%
1977North Carolina
98.9%
1981North Carolina
98.9%
1982North Carolina
98.9%
1991North Carolina
98.9%
1993North Carolina
98.9%
1995North Carolina
98.9%
1997North Carolina
98.9%
1998North Carolina
98.9%
2000North Carolina
98.9%
2005North Carolina
98.9%
2008North Carolina
98.9%
2009North Carolina
98.9%
1963Duke
98.4%
1964Duke
98.4%
1966Duke
98.4%
1978Duke
98.4%
1986Duke
98.4%
1988Duke
98.4%
1989Duke
98.4%
1990Duke
98.4%
1991Duke
98.4%
1992Duke
98.4%
1994Duke
98.4%
1999Duke
98.4%
2001Duke
98.4%
2004Duke
98.4%
1962UCLA
98%
1964UCLA
98%
1964Michigan
98%
1965UCLA
98%
1965Michigan
98%
1967UCLA
98%
1968UCLA
98%
1969UCLA
98%
1970UCLA
98%
1971UCLA
98%
1972UCLA
98%
1973UCLA
98%
1974UCLA
98%
1975UCLA
98%
1976UCLA
98%
1976Michigan
98%
1980UCLA
98%
1989Michigan
98%
1992Michigan
98%
1993Michigan
98%
1995UCLA
98%
2006UCLA
98%
2007UCLA
98%
2008UCLA
98%
1994Florida
97.4%
2000Florida
97.4%
2006Florida
97.4%
2007Florida
97.4%
1979Michigan State
97.3%
1999Michigan State
97.3%
2000Michigan State
97.3%
2001Michigan State
97.3%
2005Michigan State
97.3%
2009Michigan State
97.3%
1971Kansas
97%
1974Kansas
97%
1986Kansas
97%
Season Teams % Correct
1988Kansas
97%
1991Kansas
97%
1993Kansas
97%
2002Kansas
97%
2003Kansas
97%
2008Kansas
97%
1966Kentucky
97%
1975Kentucky
96.8%
1978Kentucky
96.8%
1984Kentucky
96.8%
1993Kentucky
96.7%
1996Kentucky
96.7%
1997Kentucky
96.7%
1998Kentucky
96.7%
2003Texas
96.3%
1973Indiana
95.3%
1976Indiana
95.3%
1981Indiana
95.3%
1987Indiana
95.3%
1992Indiana
95.3%
2002Indiana
95.3%
1960Ohio State
94.7%
1961Ohio State
94.7%
1962Ohio State
94.7%
1968Ohio State
94.7%
1999Ohio State
94.7%
2007Ohio State
94.7%
1975Syracuse
92.6%
1987Syracuse
92.6%
1996Syracuse
92.6%
2003Syracuse
92.6%
1988Arizona
92.4%
1994Arizona
92.4%
1997Arizona
92.4%
2001Arizona
92.4%
1999Connecticut
92.3%
2004Connecticut
92.3%
2009Connecticut
92.3%
1988Oklahoma
92.1%
2002Oklahoma
92.1%
1982Georgetown
90.5%
1984Georgetown
90.5%
1985Georgetown
90.4%
2007Georgetown
90.4%
1989Illinois
90.3%
2005Illinois
90.3%
1983Georgia
90.2%
1971Villanova
88%
1985Villanova
88%
2009Villanova
88%
1972Louisville
87.6%
1975Louisville
87.6%
1980Louisville
87.6%
1982Louisville
87.6%
1983Louisville
87.6%
1986Louisville
87.6%
2005Louisville
87.6%
1981LSU
87.3%
1986LSU
87.3%
2006LSU
87.3%
2001Maryland
86.8%
2002Maryland
86.8%
1995Oklahoma State
86.1%
2004Oklahoma State
86.1%
1973Memphis
86%
1985Memphis
86%
2008Memphis
86%
Season Teams % Correct
1990Georgia Tech
85.7%
2004Georgia Tech
85.7%
1977UNLV
84.2%
1987UNLV
84.2%
1990UNLV
84.2%
1991UNLV
84.2%
1978Arkansas
84.2%
1990Arkansas
84.2%
1994Arkansas
84.2%
1995Arkansas
84.2%
2000Wisconsin
84.2%
1981Virginia
83%
1984Virginia
83%
1972Florida State
80.6%
1960California
80.4%
2006George Mason
80.3%
1997Minnesota
80.1%
1964Kansas State
79.8%
1961Utah
79.2%
1966Utah
79.2%
1998Utah
79.2%
1980Iowa
79.2%
1998Stanford
79.1%
1974North Carolina State
78.6%
1983North Carolina State
78.6%
1979Penn
77.7%
1963Oregon State
75.8%
1974Marquette
74.9%
1977Marquette
74.9%
2003Marquette
74.9%
1985St. Johns
74.6%
1960Cincinnati
74.2%
1961Cincinnati
74.2%
1962Cincinnati
74.2%
1963Cincinnati
74.2%
1992Cincinnati
74.2%
1978Notre Dame
74%
1969Purdue
73.8%
1980Purdue
73.8%
1979Indiana State
73.7%
1962Wake Forest
73.2%
1967Houston
72.5%
1968Houston
72.5%
1982Houston
72.5%
1983Houston
72.5%
1984Houston
72.5%
1996Mississippi State
66.6%
1996Massachusetts
66.5%
1989Seton Hall
61%
1979DePaul
58.4%
1973Providence
57.5%
1987Providence
57.4%
1965Princeton
54.5%
1961St. Josephs
48.3%
1976Rutgers
48%
1966Texas Western
43.8%
1967Dayton
33%
1971Western Kentucky
30.3%
1970Jacksonville
28.8%
1970New Mexico State
25.8%
1960NYU
25.3%
1963Loyola Chicago
22.3%
1965Wichita State
22.3%
1969Drake
20.5%
1977Charlotte
20.4%
1970St. Bonaventure
20.3%

You're not logged in!

Compare scores with friends on all Sporcle quizzes.
OR
Log In

Sporcle TV

Today on Sporcle TV


Watch our educational content, quiz creation guides, and fun videos on Sporcle TV.

Show Comments

Extras

Top Quizzes Today


Score Distribution

Paid Content

Your Account Isn't Verified!

In order to create a playlist on Sporcle, you need to verify the email address you used during registration. Go to your Sporcle Settings to finish the process.

Report this User

Report this user for behavior that violates our Community Guidelines.

Details: